Minecraft Biomes (JE 1.16) - Statistics

General Stats
  • This quiz has been taken 259 times
    253 since last reset
  • The average score is 33 of 76
Answer Stats
Group Answer % Correct
Dry/Warm Desert
89%
Temperate/Lush Forest
89%
Aquatic Ocean
83%
The End The End
83%
Temperate/Lush Plains
82%
Dry/Warm Badlands
77%
Temperate/Lush Jungle
76%
The Nether Nether Wastes
76%
Cold Taiga
75%
Cold Mountains
74%
Temperate/Lush Dark Forest
70%
The Nether Crimson Forest
67%
Aquatic Warm Ocean
66%
Temperate/Lush Birch Forest
65%
Dry/Warm Savanna
65%
The Nether Warped Forest
65%
The Nether Soul Sand Valley
64%
The Nether Basalt Deltas
62%
Snowy Ice Spikes
62%
Aquatic Cold Ocean
60%
Temperate/Lush Beach
59%
Temperate/Lush Mushroom Fields
57%
Temperate/Lush River
57%
Temperate/Lush Swamp
55%
Aquatic Deep Ocean
54%
Aquatic Frozen Ocean
50%
Aquatic Lukewarm Ocean
49%
Snowy Snowy Taiga
49%
The End Small End Islands
48%
Temperate/Lush Flower Forest
46%
Cold Wooded Mountains
42%
Temperate/Lush Jungle Edge
41%
Temperate/Lush Bamboo Jungle
40%
Snowy Snowy Tundra
40%
Snowy Frozen River
39%
Aquatic Deep Cold Ocean
38%
Dry/Warm Desert Hills
38%
Temperate/Lush Jungle Hills
38%
Cold Giant Tree Taiga
37%
Dry/Warm Badlands Plateau
36%
Aquatic Deep Lukewarm Ocean
35%
Snowy Snowy Mountains
35%
Temperate/Lush Sunflower Plains
35%
Aquatic Deep Frozen Ocean
34%
Temperate/Lush Wooded Hills
34%
Temperate/Lush Dark Forest Hills
31%
Temperate/Lush Modified Jungle
31%
Cold Taiga Hills
31%
Temperate/Lush Birch Forest Hills
30%
Dry/Warm Savanna Plateau
30%
Dry/Warm Eroded Badlands
28%
Cold Gravelly Mountains
28%
Cold Gravelly Mountains+
28%
Dry/Warm Shattered Savanna
28%
Snowy Snowy Beach
28%
Cold Stone Shore
27%
The End End Highlands
26%
Temperate/Lush Tall Birch Forest
26%
Cold Giant Tree Taiga Hills
25%
Temperate/Lush Modified Jungle Edge
25%
Temperate/Lush Mushroom Field Shore
24%
Temperate/Lush Swamp Hills
24%
Dry/Warm Desert Lakes
23%
The End End Midlands
23%
Temperate/Lush Bamboo Jungle Hills
21%
The End End Barrens
21%
Dry/Warm Wooded Badlands Plateau
21%
Snowy Snowy Taiga Hills
20%
Cold Taiga Mountains
19%
Cold Giant Spruce Taiga
18%
Temperate/Lush Tall Birch Hills
17%
Dry/Warm Shattered Savanna Plateau
16%
Cold Giant Spruce Taiga Hills
15%
Dry/Warm Modified Badlands Plateau
15%
Dry/Warm Modified Wooded Badlands Plateau
15%
Snowy Snowy Taiga Mountains
15%
No matching quizzes found
Score Distribution
Percent of People with Each Score
Percentile by Number Answered
Your Score History
You have not taken this quiz since the last reset